Three 6 Mafia Discography - Statistics

General Stats
  • This quiz has been taken 5 times
  • The average score is 12 of 29
Answer Stats
Year Name Type % Correct
1997 Chapter 2: World Domination Album
100%
1996 Chapter 1: The End Album
75%
1995 Mystic Stylez Album
75%
1999 Underground Vol. 1: (1991-1994) Compilation
75%
1999 Underground Vol. 2: Club Memphis Compilation
75%
2000 Underground Vol. 3: Kings of Memphis Compilation
75%
2000 When the Smoke Clears: Sixty 6, Sixty 1 Album
75%
2005 Choices II: The Setup Album
50%
2001 Choices: The Album Album
50%
2003 Da Unbreakables Album
50%
2008 Last 2 Walk Album
50%
1995 Live by Yo Rep EP
50%
1994 Smoked Out, Loced Out Independent Album
50%
2000 Three 6 Mafia Presents: Hypnotize Camp Posse Album (Collab)
50%
2000 We Never Sleep Mixtape
50%
2013 6iX Commandments Mixtape
25%
1998 Body Parts Album (Collab)
25%
1999 CrazyNDaLazDayz Album (Collab)
25%
2014 Hear Sum Evil Mixtape
25%
2005 Most Known Hits Compilation
25%
2007 Prophet's Greatest Hits Compilation
25%
2006 Smoked Out Music Greatest Hits Compilation
25%
2015 Watch What U Wish... Album
25%
2002 We Never Sleep Vol. 2 Mixtape
25%
2004 We Never Sleep Vol. 3 Mixtape
25%
2007 We Never Sleep Vol. 4 Mixtape
25%
2002 Dat's How It Happened to'M Album (Collab)
0%
2005 Most Known Unkown Album
0%
2014 Reindeer Games Album (Collab)
0%
No matching quizzes found
Score Distribution
Percent of People with Each Score
Percentile by Number Answered
Your Score History
You have not taken this quiz